| 000 | 00529nam a2200157Ia 4500 | ||
|---|---|---|---|
| 008 | 160316s2000 xxu||||| |||| 00| 0 eng d | ||
| 082 |
_a341.754300 _bWTO |
||
| 100 | _aWTO Secretariat | ||
| 245 | _aGuide to the GATS : An overview of issues for further liberalization of trade in services | ||
| 250 | _a | ||
| 260 |
_aLondon _bKluwer Law International _c2000 |
||
| 300 |
_a704p _b _cxii |
||
| 365 | _bRs. 16,460 | ||
| 650 | _a1. International Trade 2. General Agreement 3. Service Industries - Government Policy | ||
| 700 |
_a _a |
||
| 999 |
_c28556 _d28556 |
||